Southville International School and Colleges
Your cart is empty.
  • Cart
  • Lists
    Public lists Eva Luna New books Lux_list list_1
    Your lists Log in to create your own lists
  • Log in to your account
  • Your cookies
  • Search history
Southville International School and Colleges
  • Advanced search
  • Recent comments
  • Most popular
  • Libraries

Log in to your account

Log in with GOOGLE


If you do not have an external account, but do have a local account, you can still log in:

  1. Home
  2. MARC view: Successful service operations management /
Normal view MARC view ISBD view

Successful service operations management / (Record no. 276650)

[ view plain ]
MARC details
000 -LEADER
fixed length control field 00456nam a2200169 a 4500
005 - DATE AND TIME OF LATEST TRANSACTION
control field 20141022142009.0
008 - FIXED-LENGTH DATA ELEMENTS--GENERAL INFORMATION
fixed length control field 120229s19uu xx 00 eng d
050 ## - LIBRARY OF CONGRESS CALL NUMBER
Classification number CD-ROM
Item number Se1 2006
100 ## - MAIN ENTRY--PERSONAL NAME
Personal name Metters, Richard
245 ## - TITLE STATEMENT
Title Successful service operations management /
Statement of responsibility, etc Richard Meters, et al.
250 ## - EDITION STATEMENT
Edition statement 2nd ed.
260 ## - PUBLICATION, DISTRIBUTION, ETC. (IMPRINT)
Date of publication, distribution, etc 2006.
700 ## - ADDED ENTRY--PERSONAL NAME
Personal name King-Meters, Kathryn
700 ## - ADDED ENTRY--PERSONAL NAME
Personal name Pullman, Madeleine
700 ## - ADDED ENTRY--PERSONAL NAME
Personal name Walton, Steve
942 ## - ADDED ENTRY ELEMENTS (KOHA)
Koha item type Audio Visual Materials
Holdings
Withdrawn status Lost status Damaged status Home library Current library Shelving location Date acquired Total Checkouts Full call number Barcode Date last seen Price effective from Koha item type
      College Library College Library Audio Visual Material Section 02/29/2012   CD-ROM Se1 2006 BSBA0063 04/12/2014 04/12/2014 Audio Visual Materials

Successful service operations management /

APA

Metters R., King-Meters K., Pullman M. & Walton S. (2006). Successful service operations management. : .

Chicago

Metters Richard, King-Meters Kathryn, Pullman Madeleine and Walton Steve. 2006. Successful service operations management. : .

Harvard

Metters R., King-Meters K., Pullman M. and Walton S. (2006). Successful service operations management. : .

MLA

Metters Richard, King-Meters Kathryn, Pullman Madeleine and Walton Steve. Successful service operations management. : . 2006.

  • Place hold
  • Print
  • Cite
  • Add to your cart (remove)
  • Save record
    BIBTEX Dublin Core MARCXML MARC (non-Unicode/MARC-8) MARC (Unicode/UTF-8) MARC (Unicode/UTF-8, Standard) MODS (XML) RIS
  • More searches
    Search for this title in:
    Other Libraries (WorldCat) Other Databases (Google Scholar) Online Stores (Bookfinder.com) Open Library (openlibrary.org)

Exporting to Dublin Core...

SOUTHVILLE LIBRARY

Southville International School and Colleges Library

1281 Tropical Ave. Cor. Luxembourg St., BF Homes International, Las Pinas City

Tel. No. 8256374 / 252358 Loc. 117/146

Powered by Koha